000 00667nam a2200217Ia 4500
003 GCL
008 140319s9999 xx 000 0 ara d
020 _a4637345977
040 _aGCL /
_cGCL
082 0 4 _a371.26
_bو م
100 1 _aويليامز ، ديانا
245 1 0 _aالمهارات السمعية المبكرة /
_cويليامز ، ديانا
250 _aالاولى
260 _aالقاهرة :
_bدار الفاروق للنشر والتوزيع ،
_c2004
300 _a200 ص ؛
_c24 سم
650 0 4 _aالسمع
650 0 4 _aالاحساس
650 0 4 _aالحواس
650 0 4 _aالمهارات السمعية
942 _2ddc
_cBK
999 _c7228
_d7228